00604nam a2200205 a 450000100060000000300080000600500170001400800410003103500190007204000220009104100080011308200260012110000330014724500740018026000460025430000290030049000250032950000180035450400260037282739BD-RjUL20240123120908.0240123s1965 enk 000 0 eng d a(BD-RjUL)82739 aBARbengcBD-RjUL aeng 221a828.8 b KIP 19651 aKipling, Rudyard,d1865-193610aStalky & Co. /cRudyard Kipling; ed. with an introd. by Isabel Quigly aOxford :bOxford University Press,cc1987 axxxvii, 325 p. ;c19 cm.0 aThe world's classics aShort stories aIncludes bibliography